| 000 | 02076nam a2200325Ia 4500 | ||
|---|---|---|---|
| 999 |
_c55071 _d55071 |
||
| 001 | 22146 | ||
| 003 | GE_BSU | ||
| 005 | 20221205172200.0 | ||
| 008 | 181216s ||||ge |||||||||||||| ||geo|| | ||
| 020 | _a9789941468018 | ||
| 040 | _cGE_BSU | ||
| 041 | _ageo | ||
| 080 | _a1(37) ც-77 | ||
| 100 |
_aციცერონი, მარკუს ტულიუს _915557 |
||
| 245 |
_aმოვალეობათა შესახებ = De officiis : _b[ტრაქტატი] / _cლათინურიდან თარგმნა, შესავალი წერილი, შენიშვნები და სახელთა საძიებელი დაურთო იამზე გაგუამ ; რედაქტორი გვანცა კოპლატაძე ; ყდის დიზაინი ალეკო ჯიქურიძე. |
||
| 264 |
_aთბილისი : _bლოგოსი, _c2016. |
||
| 300 |
_a195 გვ. ; _c20 სმ. |
||
| 490 | _aპროგრამა ”ლოგოსი” : პუბლიკაციები და ღონისძიებები კლასიკური ფილოლოგიის, ბიზანტინისტიკისა და ნეოგრეცისტიკის სფეროში | ||
| 500 | _aშენიშვნები გვ. : 171-182 | ||
| 500 | _a სახელთა საძიებელი გვ. : 183-194 | ||
| 541 | _h12ლ. | ||
| 653 | _aმოვალეობათა შესახებ = De officiis | ||
| 653 | _a [ტრაქტატი] | ||
| 653 | _aრომაული ფილოსოფია | ||
| 653 | _aფილოსოფია | ||
| 700 |
_aგაგუა, იამზე _eლათინურიდან თარგმნა _916343 |
||
| 700 |
_aკოპლატაძე, გვანცა _eრედაქტორი _916344 |
||
| 700 |
_aჯიქურიძე, ალეკო _eყდის დიზაინი _913951 |
||
| 942 |
_cBK _2udc |
||